000 00593nam a2200193 a 4500
003 SISC
005 20170130140241.0
008 111003s19uu xx 00 eng d
020 _a9780071323819
050 _aHF 5387
_b.H3743 2011
100 _aHartman, Laura.
245 _aBusiness ethics :
_bdecision making for personal integrity and social responsibility /
_cLaura P. Hartman.
250 _a2nd edition.
260 _aBoston :
_bMcGraw Hill,
_c2011.
300 _a608 pages :
_bcolor illustrations ;
_c24 cm.
650 _aBusiness ethics.
942 _cBK
_2lcc
_kFOR
999 _c24400
_d24400